00608nam a2200193Ia 4500003000900000008004100009040001300050040001300063041000800076100002700084245003200111260002100143260000900164300000800173490000600181942000700187999001700194952020300211IT-RoPAU120407s9999 xx 000 0 und d aIT-RoPAU cIT-RoPAU aita aGiovanni Paolo I.  a"Lo spazio di un sorriso. " aEdizioni Paoline c1978 c cm v1 cBK c17440d17440 00102ddc406262_900000000000000_6871aPAULUSbPAULUSd2012-04-11l0o262.9.68r2012-04-11 00:00:00w2012-04-11yBKzInserito da: Anna In data: 12 settembre 2011 fondo: Via A.Severo 56 Progr:24865